FIFA 19 Top 10 Premier League Center Attacking Midfielders - Statistics

General Stats
  • This quiz has been taken 82 times
  • The average score is 7 of 10
Answer Stats
Rank Player Team OVA % Correct
1 Kevin De Bruyne Manchester City 91
99%
3 Christian Eriksen Tottenham Hotspur 88
92%
2 David Silva Manchester City 89
92%
4 Mesut Özil Arsenal 86
88%
5 Dele Alli Tottenham Hotspur 84
82%
9 Gylfi Sigurdsson Everton 81
62%
10 Ross Barkley Chelsea 79
59%
7 Jesse Lingard Manchester United 82
58%
6 Henrikh Mkhitaryan Arsenal 84
56%
8 Manuel Lanzini West Ham United 81
53%
No matching quizzes found
Score Distribution
Percent of People with Each Score
Percentile by Number Answered
Your Score History
You have not taken this quiz